Daily Quiz #4 - Statistics

General Stats
  • This quiz has been taken 31 times
  • The average score is 5 of 5
Answer Stats
Hint Answer % Correct
What is the capital and biggest city of Japan? Tokyo
100%
What is the biggest city in Canada? Toronto
100%
There have been two presidents whose sons also became presidents. Name either. John Adams / George Bush
97%
What was the team Michael Jordan played the majority of his career with? Chicago Bulls
90%
Who broke baseball’s color barrier? Jackie Robinson
63%
No matching quizzes found
Score Distribution
Percent of People with Each Score
Percentile by Number Answered
Your Score History
You have not taken this quiz